[Event "Slovenian chT 2019"]
[Site "Slovenia"]
[Date "2019.12.22"]
[Round "9"]
[White "Trbojevic, Mladen"]
[Black "Subelj, Jan"]
[Result "1/2-1/2"]
[WhiteElo "2335"]
[BlackElo "2402"]
[Annotator "TA"]
[PlyCount "81"]
[EventDate "2019.??.??"]
[EventCountry "SLO"]
[SourceTitle "playchess.com"]
[Source "ChessBase"]
[SourceQuality "1"]

{[%evp 14,81,14,11,9,10,12,2,29,29,43,40,43,43,59,56,56,52,54,52,59,50,51,50,56,54,48,31,29,18,15,35,8,0,0,0,0,-4,0,0,0,-7,0,0,9,9,9,0,0,-8,0,0,0,0,0,-3,0,0,0,0,-6,-10,0,-39,-37,-47,-48,-41,-24,-44]} 1. d4 Nf6 2. Nf3 e6 3. Bf4 c5 4. e3 Nc6 5. Nbd2 Be7 6. h3 d5 7. c3 O-O 8. Bd3 Bd6 {D02: 1 d4 d5 2 Nf3 sidelines, including 2...Nf6 3 g3 and 2...Nf6 3 Bf4} 9. O-O Bxf4 $146 ({Predecessor:} 9... Re8 10. Bb5 Bxf4 11. Bxc6 bxc6 12. exf4 Ba6 13. Re1 Qb6 14. Qa4 Bb5 15. Qa3 Nd7 16. Rac1 {1-0 (49) Rusev,K (2543)-Farran Martos,F (2201) Torredembarra 2009}) 10. exf4 Qb6 {[%cal Rc5d4] The position is equal.} 11. dxc5 Qxc5 12. Nb3 Qd6 13. Qd2 e5 14. fxe5 Nxe5 15. Nxe5 Qxe5 16. Rfe1 Qd6 17. Qe3 Bd7 18. Qd4 Qc7 19. Re7 b6 20. f4 Rae8 21. Re5 Bc6 22. Rae1 Ne4 {[%mdl 64] [#] X-Ray Attack} 23. Bxe4 dxe4 24. Rxe8 Rxe8 25. Qe3 Bd7 26. Nd4 f5 27. Rd1 Qc4 28. b3 Qc5 29. Nc2 Qc7 30. Qd4 Be6 31. g3 Rc8 32. c4 b5 {[%cal Rb5c4]} 33. Ne3 bxc4 34. bxc4 Qc5 (34... Bxc4 $2 35. Rc1 $18) 35. g4 g6 ({Avoid the trap} 35... Bxc4 $2 36. Qxc5 Rxc5 37. Rc1 $18) 36. Rd2 Qxd4 ({Don't go for} 36... Bxc4 $2 37. Qxc5 Rxc5 38. Rc2 $18) 37. Rxd4 Rc5 38. Kf2 Kf7 39. gxf5 gxf5 40. Rd2 Rc6 ({Not} 40... Bxc4 $2 41. Rc2 $18) 41. Kg3 {Accuracy: White = 72%, Black = 55%.} 1/2-1/2

[Event "Slovenian chT 2019"]
[Site "Slovenia"]
[Date "2019.12.22"]
[Round "9"]
[White "Muha, Miljenko"]
[Black "Jelen, Igor"]
[Result "1/2-1/2"]
[WhiteElo "2313"]
[BlackElo "2343"]
[Annotator "NA"]
[PlyCount "103"]
[EventDate "2019.??.??"]
[EventCountry "SLO"]
[SourceTitle "playchess.com"]
[Source "ChessBase"]
[SourceQuality "1"]
[TimeControl "40/5400+30:1800+30"]

1. Nf3 c5 2. c4 Nf6 3. Nc3 Nc6 4. e3 e6 5. d4 d5 6. cxd5 exd5 7. Bb5 Bd6 8. dxc5 Bxc5 9. O-O O-O 10. b3 Bg4 11. Bb2 Rc8 12. h3 Bh5 13. Be2 Bd6 14. Nd4 Bg6 15. Nxc6 bxc6 16. Ba6 Rc7 17. Bd3 Qe7 18. Ne2 Rd8 19. Rc1 c5 20. Bxg6 hxg6 21. Kh1 Qe6 22. Rc2 g5 23. Bxf6 gxf6 24. Ng1 Rcd7 25. Qg4 Kg7 26. Nf3 Rh8 27. Kg1 Qxg4 28. hxg4 f5 29. Rd1 fxg4 30. Nxg5 Kg6 31. f4 d4 32. Ne4 Re8 33. Nxd6 Rxd6 34. Rxc5 Rxe3 35. Kf2 g3+ 36. Kf1 f6 37. Re1 Rxe1+ 38. Kxe1 Re6+ 39. Kd2 Re4 40. Rc8 Kf5 41. Kd3 Kxf4 42. Rd8 Re1 43. Rxd4+ Kg5 44. Ra4 f5 45. Rxa7 Rg1 46. Ke2 Kg4 47. Ke3 f4+ 48. Ke4 Re1+ 49. Kd3 Rg1 50. Ke4 Re1+ 51. Kd3 Rf1 52. Ke4 1/2-1/2

[Event "Slovenian chT 2019"]
[Site "Slovenia"]
[Date "2019.12.22"]
[Round "9"]
[White "Riegler, Primoz"]
[Black "Kastelic, Marian"]
[Result "*"]
[WhiteElo "2304"]
[BlackElo "2248"]
[Annotator "TA"]
[PlyCount "73"]
[EventDate "2019.??.??"]
[EventCountry "SLO"]
[SourceTitle "playchess.com"]
[Source "ChessBase"]
[SourceQuality "1"]

{[%evp 10,73,23,25,42,2,8,11,16,16,19,16,29,0,11,4,16,-5,-4,-47,-51,-30,-41,-50,-33,-64,-61,-96,-77,-118,-113,-107,-99,-104,-82,-100,-97,-80,-74,-119,-111,-99,-69,-158,-147,-146,-122,-142,0,0,0,0,0,-80,-93,-103,-69,-108,-89,-134,-126,-125,-127,-122,-116,-208]} 1. e4 c6 2. d4 d5 3. e5 Bf5 4. Nd2 e6 5. Nb3 Nd7 6. Nf3 h6 {B12: Caro-Kann: Advance Variation} 7. Be3 Ne7 8. Be2 g5 {The position is equal.} 9. O-O Bg7 10. a4 O-O $146 ({Predecessor:} 10... Qc7 11. a5 f6 12. exf6 Bxf6 13. c4 O-O-O {0-1 (50) Patil,P (2270)-Popov,I (2650) New Delhi 2016}) 11. Qd2 f6 12. exf6 Bxf6 13. c4 dxc4 14. Na5 b5 15. b3 cxb3 16. Nxb3 a6 $36 {[%mdl 2048] Black is more active.} 17. Rfc1 Be4 18. Ne1 Bd5 19. Nc5 Nf5 20. Bf3 {Black should prevent Bxd5.} Nxc5 21. Rxc5 Nd6 22. Qc2 {[#]} Bg7 $1 23. Bxd5 cxd5 24. Qb3 Qd7 25. Nd3 Rfb8 26. a5 (26. h4 $15) 26... Nc4 $17 27. h4 Bf8 28. hxg5 Nxe3 (28... hxg5 $17 {aiming for ...Re8.} 29. Re1 Re8) 29. Ne5 $1 $11 {[%cal Re5d7]} Qg7 30. Qxe3 {Hoping for Rc6.} Bxc5 ({Don't play} 30... Qxg5 $6 31. f4 $16) 31. dxc5 (31. gxh6 $11 {remains equal.} Bxd4 {[%mdl 64] Deflection} 32. Qxd4 Qxh6 33. Qg4+ Kh7 34. Nf7) 31... Qxg5 $17 32. f4 Qg7 33. Rb1 Rf8 34. Rb3 Rf5 35. Qh3 {[#] Strongly threatening Rg3.Black is better.} Kh7 $1 36. Rg3 Qf8 37. c6 {Accuracy: White = 42%, Black = 64%.} (37. Qg4 $17 Qf6 38. Nd7) *

[Event "Slovenian chT 2019"]
[Site "Slovenia"]
[Date "2019.12.22"]
[Round "9"]
[White "Vombek, Dani"]
[Black "Sakelsek, Tadej"]
[Result "1/2-1/2"]
[WhiteElo "2283"]
[BlackElo "2422"]
[Annotator "NA"]
[PlyCount "106"]
[EventDate "2019.??.??"]
[EventCountry "SLO"]
[SourceTitle "playchess.com"]
[Source "ChessBase"]
[SourceQuality "1"]
[TimeControl "40/5400+30:1800+30"]

1. e4 e5 2. Nf3 Nc6 3. Bb5 a6 4. Bxc6 dxc6 5. Nc3 Bd6 6. d4 exd4 7. Nxd4 Ne7 8. Be3 c5 9. Nde2 Nc6 10. Bf4 Be6 11. Bxd6 Qxd6 12. Qxd6 cxd6 13. O-O-O O-O-O 14. Nf4 b5 15. Rd2 g5 16. Nfd5 b4 17. Ne2 f5 18. exf5 Bxd5 19. Rxd5 Ne7 20. Rd2 Nxf5 21. f4 gxf4 22. Nxf4 Rhe8 23. Rd5 Ne3 24. Rh5 Re4 25. Re1 Rde8 26. g3 R4e7 27. b3 Kd7 28. Re2 Kc6 29. Rd2 a5 30. Nd5 Nxd5 31. Rhxd5 Re6 32. Rh5 h6 33. Kb2 Rf8 34. Rhd5 Rf1 35. c4 bxc3+ 36. Kxc3 Rc1+ 37. Kb2 Rce1 38. Rh5 R1e5 39. Rh4 d5 40. Ra4 Kb5 41. Rf4 d4 42. Rf8 a4 43. Rb8+ Rb6 44. Ra8 axb3 45. axb3 Kc6 46. Rc2 h5 47. Rc8+ Kd6 48. Rh8 Rb5 49. Rh6+ Kd5 50. Rh8 Rf5 51. Rd8+ Ke4 52. Re8+ Kf3 53. Re1 Kg4 1/2-1/2

[Event "Slovenian chT 2019"]
[Site "Slovenia"]
[Date "2019.12.22"]
[Round "9"]
[White "Skuhala, Jernej"]
[Black "Pavasovic, Dusko"]
[Result "1-0"]
[WhiteElo "2281"]
[BlackElo "2546"]
[Annotator "TA"]
[PlyCount "91"]
[EventDate "2019.??.??"]
[EventCountry "SLO"]
[SourceTitle "playchess.com"]
[Source "ChessBase"]
[SourceQuality "1"]

{[%evp 9,91,0,0,0,1,0,0,0,6,0,0,0,0,0,0,-17,13,0,7,-12,9,-14,-15,-32,-2,-13,0,-7,0,0,0,-18,-16,-16,-9,-18,-32,-40,-40,-50,-49,-53,-42,-46,-45,-81,-74,-81,-32,-38,-27,-100,-101,-93,-105,-97,-94,-95,-79,-73,-3,-20,-10,-8,0,-14,0,-192,-121,-130,-125,-250,-227,-310,0,0,0,0,0,0,0,0,729,653]} 1. e4 e5 2. Nf3 Nc6 3. Bc4 Bc5 4. O-O Nf6 5. Qe2 (5. d3 d6 6. c3 a5 7. Re1 h6 8. Nbd2 O-O 9. Nf1 Be6 10. Bb5 Bb6 11. h3 Ne7 12. d4 exd4 13. cxd4 d5 14. e5 {1-0 (52) Duda,J (2730)-Andreikin,D (2741) Khanty-Mansiysk 2019}) 5... d6 6. d3 {C50: Hungarian Defence and Giuoco Pianissimo} Na5 $146 ({Predecessor:} 6... Bg4 7. c3 O-O 8. a4 Re8 9. b4 Bb6 10. a5 Qd7 11. axb6 axb6 12. Na3 h6 13. Be3 Ne7 14. Rfd1 Ng6 15. Bd2 c5 16. Bb5 {1-0 (16) Gyurenka,A-Urban,M (1439) Tatabanya 2013}) 7. Bb3 Nxb3 8. axb3 {The position is equal.} Bg4 9. Be3 Nd7 10. Nbd2 O-O 11. h3 Bh5 12. c3 c6 13. Rfe1 Re8 14. Nf1 Bb6 15. g4 Bg6 16. Ng3 Bxe3 17. Qxe3 a6 18. h4 {Threatening h5.} h6 19. h5 Bh7 20. g5 hxg5 21. Nxg5 Nc5 22. Nxh7 Kxh7 23. Kg2 Ne6 24. Rh1 Nf4+ 25. Kf3 Qf6 {Strongly threatening ...Nd5+.} 26. Nf5 $1 {[#]} Nd5 $1 {[%mdl 512]} 27. exd5 Qxf5+ 28. Ke2 Qg4+ 29. Kd2 cxd5 30. Ra4 {[#]} (30. Rag1 $11 {remains equal.} Qe6 31. Qg3 (31. Qg5 Qh6 $15)) 30... d4 $1 $17 {[%mdl 512]} 31. Qe4+ (31. cxd4 b5) 31... Qxe4 32. dxe4 dxc3+ 33. bxc3 {[%mdl 4096] Endgame KRR-KRR} Rad8 34. c4 {[#]} f5 $1 {[%mdl 512]} 35. Rb4 $11 (35. exf5 Rf8) 35... Rd7 36. Ke3 fxe4 37. Rd1 Rf8 38. Kxe4 $2 (38. Rb6 $11) 38... Rxf2 (38... Rf4+ $1 $19 39. Kd5 Rxf2) 39. Rb6 $17 Rf4+ 40. Kd5 (40. Ke3 $17 {is the only way for White.}) 40... Rf6 $19 41. Ke4 Rh6 $2 {[#]} (41... Kh6 $19 42. c5 d5+ $1 {[%mdl 512]} 43. Kxe5 Rxb6 44. cxb6 d4) 42. c5 $1 $11 {[%cal Rd1d6][%mdl 512]} Rxh5 {White must now prevent ...d5+!} (42... dxc5 43. Rxh6+) 43. cxd6 Kg6 {aiming for ...Kf6.} 44. Rf1 Rg5 45. Rf8 Rg1 $2 {[%mdl 8192] [#]} (45... Rh5 $11) 46. Kd5 $1 {Accuracy: White = 37%, Black = 41%.} 1-0

[Event "Slovenian chT 2019"]
[Site "Slovenia"]
[Date "2019.12.22"]
[Round "9"]
[White "Gombac, Jan"]
[Black "Rozic, Samo"]
[Result "1/2-1/2"]
[WhiteElo "2246"]
[BlackElo "2208"]
[Annotator "NA"]
[PlyCount "73"]
[EventDate "2019.??.??"]
[EventCountry "SLO"]
[SourceTitle "playchess.com"]
[Source "ChessBase"]
[SourceQuality "1"]
[TimeControl "40/5400+30:1800+30"]

1. d4 e6 2. c4 f5 3. g3 Nf6 4. Bg2 Be7 5. Nf3 O-O 6. O-O d5 7. Nc3 c6 8. Rb1 Ne4 9. Qc2 a5 10. a3 Nd7 11. b4 axb4 12. axb4 Nb6 13. c5 Nc4 14. Nxe4 fxe4 15. Ne5 Nxe5 16. dxe5 Qc7 17. Bb2 b6 18. Bd4 b5 19. f3 exf3 20. exf3 Bd7 21. f4 Qa7 22. Ra1 Qb7 23. Rxa8 Rxa8 24. g4 Qa7 25. Ra1 Qb8 26. Bf1 Rxa1 27. Bxa1 Qf8 28. Qd2 Be8 29. Bd3 Bg6 30. Bxg6 hxg6 31. Kg2 Qa8 32. Bc3 Qa3 33. Qc2 d4 34. Bd2 Kf7 35. g5 Qa1 36. Qd3 Bf8 37. h3 1/2-1/2

[Event "Slovenian chT 2019"]
[Site "Slovenia"]
[Date "2019.12.22"]
[Round "9"]
[White "Kosmac, Blaz"]
[Black "Suta, Andraz"]
[Result "0-1"]
[WhiteElo "2241"]
[BlackElo "2242"]
[Annotator "NA"]
[PlyCount "78"]
[EventDate "2019.??.??"]
[EventCountry "SLO"]
[SourceTitle "playchess.com"]
[Source "ChessBase"]
[SourceQuality "1"]
[TimeControl "40/5400+30:1800+30"]

1. e4 e5 2. Nf3 Nc6 3. Bb5 Nf6 4. d3 Bc5 5. Bxc6 dxc6 6. h3 Qe7 7. Nbd2 Be6 8. Qe2 Nd7 9. Nb3 a5 10. Nxc5 Qxc5 11. Ng5 Qe7 12. Nxe6 Qxe6 13. Qg4 Qg6 14. Qxg6 hxg6 15. f4 exf4 16. Bxf4 O-O-O 17. O-O-O Nc5 18. Rdf1 Rd7 19. b3 Ne6 20. Bd2 b6 21. Rf2 Kd8 22. g4 c5 23. h4 Ke8 24. Rh3 Rh7 25. Rfh2 Ke7 26. Be3 Rh8 27. Bf2 a4 28. Bg3 axb3 29. axb3 Ra8 30. h5 gxh5 31. Rxh5 Ra1+ 32. Kd2 Rg1 33. R2h3 Rg2+ 34. Kd1 Nd4 35. Re5+ Kd6 36. Rg5+ Kc6 37. Rxg7 Nxc2 38. Bf4 Nb4 39. Ke1 Nxd3+ 0-1

[Event "Slovenian chT 2019"]
[Site "Slovenia"]
[Date "2019.12.22"]
[Round "9"]
[White "Zupancic, Jernej"]
[Black "Breznik, Kristijan"]
[Result "1-0"]
[WhiteElo "2240"]
[BlackElo "2180"]
[Annotator "NA"]
[PlyCount "103"]
[EventDate "2019.??.??"]
[EventCountry "SLO"]
[SourceTitle "playchess.com"]
[Source "ChessBase"]
[SourceQuality "1"]
[TimeControl "40/5400+30:1800+30"]

1. Nf3 Nf6 2. c4 g6 3. g3 Bg7 4. Bg2 O-O 5. O-O d6 6. Nc3 e5 7. d3 Nc6 8. Rb1 a5 9. a3 h6 10. b4 axb4 11. axb4 Be6 12. Bd2 Qd7 13. b5 Ne7 14. c5 Bh3 15. b6 Bxg2 16. Kxg2 Nfd5 17. Nxd5 Nxd5 18. bxc7 dxc5 19. Rxb7 Qc6 20. Qb3 Nb4 21. Rb8 Raxb8 22. cxb8=Q Rxb8 23. Rc1 Qd6 24. Qc4 Na6 25. Be3 Rb4 26. Qc2 Rb5 27. h4 Qc6 28. Kg1 Nb4 29. Qc4 Nd5 30. Bxc5 Qb7 31. Bd6 Rb2 32. e4 Nb6 33. Qc3 Nd7 34. Qc8+ Kh7 35. Qxb7 Rxb7 36. Kf1 f6 37. g4 Kg8 38. Rc7 Rxc7 39. Bxc7 Kf7 40. Ke2 Nc5 41. g5 hxg5 42. hxg5 Ke6 43. gxf6 Bxf6 44. Ke3 Bg7 45. Bxe5 Bh6+ 46. Ke2 Bc1 47. Bd4 Nd7 48. Be3 Ba3 49. d4 Nf6 50. Ng5+ Kd7 51. f3 Bb2 52. Nf7 1-0

[Event "Slovenian chT 2019"]
[Site "Slovenia"]
[Date "2019.12.22"]
[Round "9"]
[White "Zirkelbach, Maj"]
[Black "Podkriznik, Gregor"]
[Result "*"]
[WhiteElo "2221"]
[BlackElo "2408"]
[Annotator "TA"]
[PlyCount "53"]
[EventDate "2019.??.??"]
[EventCountry "SLO"]
[SourceTitle "playchess.com"]
[Source "ChessBase"]
[SourceQuality "1"]

{[%evp 18,53,42,35,41,47,41,45,60,42,56,47,54,30,37,44,52,33,35,39,51,23,31,0,0,0,12,0,0,0,23,12,14,0,0,0,27,20]} 1. d4 Nf6 2. c4 e6 3. Nf3 c5 4. d5 exd5 5. cxd5 d6 6. Nc3 g6 7. Bf4 a6 8. a4 Bg7 9. h3 O-O 10. e3 Qe7 {A61: Modern Benoni: Nf3 without early e4} 11. Be2 Nbd7 12. O-O Rb8 {White is slightly better.} 13. Nd2 Ne5 14. a5 Ne8 15. Na4 {[%cal Bc3a4,Ba4b6,Bb6c4][%mdl 32] [#]} Nc7 $146 ({Predecessor:} 15... Bd7 16. Nb6 Bb5 17. Re1 f5 18. Qb3 {0-1 (51) Parligras,M (2650)-Gashimov,V (2757) Porto Carras 2011}) 16. Nb6 Bd7 17. Ndc4 {[#] aiming for Nxe5.} Nxc4 18. Nxc4 Ne8 19. Rb1 Bb5 20. b4 cxb4 21. Rxb4 Bc3 22. Rb1 Bxc4 23. Bxc4 Rc8 24. Be2 Bxa5 25. Bh6 Ng7 $1 26. Qd4 {[%csl Gh6][%cal Rd4g7] [#]} f6 27. Qa7 {Accuracy: White = 45%, Black = 61%.} *

[Event "Slovenian chT 2019"]
[Site "Slovenia"]
[Date "2019.12.22"]
[Round "9"]
[White "Titan, Matej"]
[Black "Kaps, Darja"]
[Result "1-0"]
[WhiteElo "2219"]
[BlackElo "2145"]
[Annotator "NA"]
[PlyCount "91"]
[EventDate "2019.??.??"]
[EventCountry "SLO"]
[SourceTitle "playchess.com"]
[Source "ChessBase"]
[SourceQuality "1"]
[TimeControl "40/5400+30:1800+30"]

1. d4 Nf6 2. c4 e6 3. Nf3 b6 4. g3 Bb7 5. Bg2 Bb4+ 6. Nbd2 Ne4 7. O-O O-O 8. Nxe4 Bxe4 9. c5 bxc5 10. a3 Ba5 11. dxc5 c6 12. b4 Bc7 13. Bb2 d5 14. cxd6 Qxd6 15. Qb3 Nd7 16. Rfd1 Qe7 17. Qc3 f5 18. Nd4 Be5 19. Bxe4 fxe4 20. Nxc6 Bxc3 21. Nxe7+ Kf7 22. Bxc3 Kxe7 23. Bxg7 Rfc8 24. Rac1 e5 25. Bh6 Ke6 26. Be3 a6 27. a4 Nf6 28. b5 axb5 29. axb5 Nd5 30. b6 Rc3 31. Rxc3 Nxc3 32. Rd2 Ra1+ 33. Kg2 Rb1 34. Rc2 Rb3 35. Bc1 Kd7 36. Bb2 Nd5 37. Bxe5 Rxb6 38. Rc4 e3 39. f4 Rb1 40. Kf3 Rh1 41. Ke4 Ne7 42. Rc7+ Kd8 43. Ra7 Ke8 44. h4 h5 45. Ra3 Rb1 46. Kxe3 1-0

[Event "Slovenian chT 2019"]
[Site "Slovenia"]
[Date "2019.12.22"]
[Round "9"]
[White "Marn, Jan"]
[Black "Virtic, Franc Ml."]
[Result "1-0"]
[WhiteElo "2217"]
[BlackElo "2113"]
[Annotator "NA"]
[PlyCount "89"]
[EventDate "2019.??.??"]
[EventCountry "SLO"]
[SourceTitle "playchess.com"]
[Source "ChessBase"]
[SourceQuality "1"]
[TimeControl "40/5400+30:1800+30"]

1. d4 d5 2. Nf3 e6 3. e3 f5 4. c4 Nf6 5. Nc3 c6 6. Qc2 Bd6 7. Bd3 Ne4 8. O-O O-O 9. b3 Nd7 10. Bb2 Qf6 11. Ne2 Qh6 12. Ne5 Ndf6 13. Nf4 g5 14. Ne2 g4 15. Nf4 Nh5 16. Bxe4 Bxe5 17. dxe5 Nxf4 18. exf4 fxe4 19. g3 Qh3 20. cxd5 exd5 21. e6 Bxe6 22. Qc3 Qh6 23. b4 Rae8 24. Rac1 Rf5 25. b5 Bd7 26. Qd4 Rh5 27. h4 gxh3 28. Kh2 Rf5 29. Rg1 a6 30. bxa6 bxa6 31. Ba1 Rc8 32. Rc2 Kf7 33. Rb1 Rxf4 34. Rb7 Rd8 35. Qb6 Qg5 36. Qxc6 Qf5 37. Bd4 Ke8 38. Qd6 e3 39. Qxf4 Qxc2 40. Qe5+ Kf8 41. Bxe3 Qg6 42. Rb6 Bc6 43. Qc7 Re8 44. Rxc6 Qh5 45. Bh6+ 1-0

[Event "Slovenian chT 2019"]
[Site "Slovenia"]
[Date "2019.12.22"]
[Round "9"]
[White "Polajzer, Danilo"]
[Black "Mazi, Leon"]
[Result "1/2-1/2"]
[WhiteElo "2207"]
[BlackElo "2326"]
[Annotator "TA"]
[PlyCount "80"]
[EventDate "2019.??.??"]
[EventCountry "SLO"]
[SourceTitle "playchess.com"]
[Source "ChessBase"]
[SourceQuality "1"]

{[%evp 19,80,6,27,29,26,0,34,33,48,11,44,31,45,29,54,47,67,47,51,26,64,48,68,55,64,64,83,33,81,33,40,27,50,41,44,31,68,4,6,7,7,7,7,8,6,4,4,4,4,4,12,12,17,11,11,12,18,15,45,27,33,0,2]} 1. d4 d5 2. Nf3 Nf6 3. c4 dxc4 4. Qa4+ c6 5. Qxc4 Bf5 6. g3 e6 7. Bg2 Be7 8. O-O h6 9. Nc3 O-O 10. e3 Nbd7 11. Qe2 {D23: Queen's Gambit Accepted: 3 Nf3 Nf6 sidelines} Bh7 (11... Ne4 12. Nd2 Nxc3 13. bxc3 e5 14. e4 Be6 15. Nc4 exd4 16. cxd4 Nb6 17. Nxb6 axb6 {1-0 (53) Bu,X (2691)-Becerra Rivero,J (2546) Las Vegas 2014}) 12. e4 Re8 13. Rd1 {White is slightly better.} Bf8 $146 ({Predecessor:} 13... Qa5 14. Bf4 Nh5 15. Be3 Nhf6 16. Nd2 Qh5 17. Qxh5 Nxh5 {1-0 (41) Jirovsky,M (2455)-Simacek,P (2490) Prague 2017}) 14. Nd2 Rc8 15. Nb3 Qc7 16. Be3 a6 17. Rac1 Qb8 18. Nc5 Rcd8 19. Bf4 Qa7 20. Nxd7 Rxd7 21. Be3 Qb8 22. a3 Red8 23. h3 Be7 24. Bf4 Qa7 25. d5 exd5 26. exd5 c5 $1 27. Be5 Bg6 28. d6 (28. a4 $14) 28... Bxd6 $11 {[#] ...Re8 is the strong threat.} 29. Bxf6 gxf6 30. Ne4 Kg7 $1 ({Of course not} 30... Be7 $6 31. Rxd7 Rxd7 {[#]} 32. Nxf6+ $1 {[%mdl 512]} Bxf6 33. Qe8+ Kg7 34. Qxd7 $16) 31. Nxd6 Rxd6 32. Rxd6 Rxd6 33. Qe7 $1 {[%cal Re7d6]} Qb6 34. Qxb7 Qxb7 35. Bxb7 {[%mdl 4096] Endgame KRB-KRB} Rb6 36. Bd5 Rxb2 37. Rxc5 Rd2 38. Bb7 Rd6 39. Bd5 Bf5 40. g4 Be6 {Accuracy: White = 47%, Black = 39%.} 1/2-1/2

[Event "Slovenian chT 2019"]
[Site "Slovenia"]
[Date "2019.12.22"]
[Round "9"]
[White "Janzelj, Lara"]
[Black "Stajner, Samo"]
[Result "1-0"]
[WhiteElo "2181"]
[BlackElo "2380"]
[Annotator "NA RC"]
[PlyCount "87"]
[EventDate "2019.??.??"]
[EventCountry "SLO"]
[SourceTitle "playchess.com"]
[Source "ChessBase"]
[SourceQuality "1"]
[TimeControl "40/5400+30:1800+30"]

1. d4 f5 2. c4 Nf6 3. Nf3 b6 4. Nc3 Bb7 5. e3 e6 6. Bd3 Bb4 7. O-O O-O 8. Bd2 d6 9. d5 exd5 10. cxd5 Ng4 11. e4 f4 12. a3 Bxc3 13. Bxc3 Nd7 14. Nd4 Qh4 15. h3 Nge5 16. f3 Rf6 17. Be1 Qh5 18. Bb5 Nf8 19. Rc1 Bc8 20. Rf2 Rg6 21. Be8 Bd7 22. Bxg6 Nfxg6 23. Ne6 c5 24. Bc3 Rf8 25. Nxf8 Kxf8 26. Bxe5 Nxe5 27. Rc3 Qg5 28. b4 c4 29. Qd4 Bxh3 30. a4 Qg3 31. Kf1 Bd7 32. b5 h5 33. Rxc4 g5 34. Rc7 Ke7 35. Qc3 Qh2 36. Rc2 Qh1+ 37. Kf2 Kf7 38. Rxd7+ Nxd7 39. Qc7 Ke7 40. e5 dxe5 41. Rc6 Qh4+ 42. Ke2 g4 43. Re6+ Kf8 44. Qc8+ 1-0

[Event "Slovenian chT 2019"]
[Site "Slovenia"]
[Date "2019.12.22"]
[Round "9"]
[White "Serdt, Simon"]
[Black "Zupancic, Urban"]
[Result "0-1"]
[WhiteElo "2178"]
[BlackElo "1993"]
[Annotator "NA"]
[PlyCount "114"]
[EventDate "2019.??.??"]
[EventCountry "SLO"]
[SourceTitle "playchess.com"]
[Source "ChessBase"]
[SourceQuality "1"]
[TimeControl "40/5400+30:1800+30"]

1. d4 d5 2. Nf3 Nf6 3. Bf4 e6 4. e3 Nbd7 5. Nbd2 Be7 6. Bd3 Nh5 7. Ne5 Nxf4 8. exf4 c5 9. dxc5 Bxc5 10. Nb3 Bd6 11. Bb5 O-O 12. Bxd7 Bxd7 13. Nxd7 Qxd7 14. g3 Qb5 15. Qe2 Qxe2+ 16. Kxe2 Rfc8 17. c3 b5 18. a3 a5 19. Kd3 g6 20. Rhc1 Be7 21. Rc2 b4 22. axb4 axb4 23. Rxa8 Rxa8 24. Nd4 bxc3 25. bxc3 Bf6 26. Nc6 Kg7 27. h4 h6 28. Rb2 Ra3 29. Ne5 g5 30. hxg5 hxg5 31. Rb7 Bxe5 32. fxe5 Ra4 33. f3 g4 34. f4 Kg6 35. Rb8 Kg7 36. Rb7 Ra2 37. f5 exf5 38. e6 Kf6 39. exf7 Ra8 40. Rc7 Rf8 41. Kd4 Rxf7 42. Rc6+ Kg5 43. Rd6 Rh7 44. Rxd5 Rh3 45. c4 Rxg3 46. c5 Rg1 47. c6 Rd1+ 48. Ke5 Rc1 49. Kd6 g3 50. Rd2 f4 51. c7 f3 52. Rd5+ Kf4 53. Rc5 Rxc5 54. Kxc5 g2 55. c8=Q g1=Q+ 56. Kb5 Qb1+ 57. Ka5 Qf5+ 0-1

[Event "Slovenian chT 2019"]
[Site "Slovenia"]
[Date "2019.12.22"]
[Round "9"]
[White "Murko, David"]
[Black "Rozman, Monika"]
[Result "1/2-1/2"]
[WhiteElo "2170"]
[BlackElo "2136"]
[Annotator "NA"]
[PlyCount "148"]
[EventDate "2019.??.??"]
[EventCountry "SLO"]
[SourceTitle "playchess.com"]
[Source "ChessBase"]
[SourceQuality "1"]
[TimeControl "40/5400+30:1800+30"]

1. e4 e5 2. Nf3 Nc6 3. Bc4 Nf6 4. d3 Bc5 5. O-O O-O 6. Nbd2 d6 7. c3 a6 8. Bb3 h6 9. h3 Be6 10. Bc2 Re8 11. Re1 d5 12. exd5 Bxd5 13. Nf1 Qd7 14. Ng3 Rad8 15. Be3 Bf8 16. Nd2 Be6 17. Nde4 Nd5 18. Bc5 Nf4 19. Bxf8 Kxf8 20. Re3 b6 21. Nh5 f5 22. Nd2 Nxh5 23. Qxh5 Bf7 24. Qe2 Re7 25. Nf3 Rde8 26. Qd2 Bh5 27. Nh2 Na5 28. Qe1 c5 29. Qf1 Nc6 30. Ree1 Kg8 31. Bd1 Bg6 32. Bf3 Qd6 33. Rad1 Bf7 34. a3 Bb3 35. Rc1 Bf7 36. Rcd1 b5 37. Bxc6 Qxc6 38. Qe2 Bd5 39. Nf3 e4 40. dxe4 Bxe4 41. Rf1 Bd5 42. Qd2 Bxf3 43. gxf3 Re2 44. Qd5+ Qxd5 45. Rxd5 Rxb2 46. Rxc5 Ra2 47. Rxf5 Rxa3 48. Rc5 Re2 49. Rc7 Rc2 50. Rd1 Raxc3 51. Ra7 Rc1 52. Rxc1 Rxc1+ 53. Kg2 Ra1 54. Rb7 Ra4 55. Kg3 g5 56. f4 gxf4+ 57. Kg4 b4 58. Kf5 Ra5+ 59. Kxf4 Rb5 60. Rxb5 axb5 61. Ke4 Kf7 62. Kd3 Kf6 63. Kc2 Kf5 64. Kb3 Kf4 65. Kxb4 Kf3 66. Kxb5 Kxf2 67. h4 Kg3 68. h5 Kg4 69. Kc4 Kxh5 70. Kd3 Kg4 71. Ke2 Kg3 72. Kf1 Kh2 73. Kf2 h5 74. Kf1 h4 1/2-1/2

[Event "Slovenian chT 2019"]
[Site "Slovenia"]
[Date "2019.12.22"]
[Round "9"]
[White "Srebrnic, Ana"]
[Black "Cigan, Stefan"]
[Result "*"]
[WhiteElo "2165"]
[BlackElo "2318"]
[Annotator "TA"]
[PlyCount "45"]
[EventDate "2019.??.??"]
[EventCountry "SLO"]
[SourceTitle "playchess.com"]
[Source "ChessBase"]
[SourceQuality "1"]

{[%evp 9,45,11,18,18,24,10,49,30,57,25,24,-35,52,35,48,47,66,56,54,44,54,50,65,0,0,-190,-166,-210,-212,-221,-218,-241,-255,-239,-225,-291,-287,-338]} 1. d4 Nf6 2. Nc3 d5 3. Bf4 c6 4. Qd2 (4. e3 Bf5 5. Nf3 h6 6. Ne5 Nbd7 7. g4 Bh7 8. h4 Nxe5 9. dxe5 Ne4 10. Nxe4 Bxe4 11. f3 Bh7 12. e6 {1-0 (57) Bortnyk,O (2610)-Dreev,A (2653) Riadh 2017}) 4... Bf5 5. f3 e6 6. g4 {D00: 1 d4 d5: Unusual lines} Bg6 7. h4 {Strongly threatening h5.} h5 8. g5 {White is slightly better.} Nfd7 9. e4 Bb4 10. exd5 $146 (10. a3 $11 Bxc3 11. Qxc3) ({Predecessor:} 10. Bg2 Nb6 11. a3 {½-½ (59) Jovicic,R (2248)-Micanovic,S (2077) Nis 2017}) 10... exd5 (10... cxd5 $15 11. Bd3 O-O) 11. O-O-O O-O 12. a3 Be7 13. Bd3 Nb6 14. Nge2 N8d7 15. Kb1 Re8 16. Bg3 (16. Ng3 $14) 16... Bxd3 $11 17. Qxd3 $2 {[#]} (17. cxd3 $11 Nc8 18. Be5) 17... Bxa3 $1 $19 {[%mdl 512]} 18. g6 (18. bxa3 Nc4) 18... fxg6 {Hoping for ...Bxb2!} 19. b3 Qf6 20. Bf4 a5 21. Rhg1 {[#]} Nf8 $1 22. Bc7 Nbd7 23. Rg5 {Accuracy: White = 36%, Black = 70%.} *